Súčasné otázky pestovania lesa zborník zo VII. česko-slovenského vedeckého sympózia vedecko-pedagogických a vedeckovýskumných pracovísk v odbore Pestovanie lesa : Zvolen, 6.9.-7.9. 2005

Bibliographic Details
Corporate Author: Súčasné otázky pestovania lesa Zvolen, Slovensko
Other Authors: Saniga, Milan, 1951- (Editor), Jaloviar, Peter, 1970- (Editor)
Format: Conference Proceeding Book
Language:Slovak
PhysicalDescription:229 s. grafy, tab. 25 cm
Published: Vo Zvolene Technická univerzita 2005
ISBN:802281489X (brož.)
Edition:[1. vyd.]
Subjects:

MARC

LEADER 00000nam a2200000 a 4500
001 vtls008302437
003 SK-MaSNL
005 20260301204458.0
008 160114s2005 xo dl f a 100 0 slo
015 |a SNBA2005/12-05371 
020 |a 802281489X (brož.) 
035 |a EE7EA0D5-55AD-4BF3-9E02-F699C13520A4 
035 |a urn:nbn:sk:snk-amk5od 
035 |a urn:nbn:sk:snk-am0048s6 
040 |a SNK  |b slo  |c SNK  |e AACR2 
041 0 |a slo  |b ze  |b eng  |b cze 
044 |a xo  |c SK 
072 7 |a 630  |x Lesníctvo  |2 konspekt 
080 |a 630.2  |2 MDT-MRF 
080 |a 630.23  |2 MDT-MRF 
080 |a (063)  |2 MDT-MRF 
080 |a 630  |2 MDT-MRF 
111 2 |a Súčasné otázky pestovania lesa  |n (7. :  |d 2005 :  |c Zvolen, Slovensko)  |9 79890 
245 1 0 |a Súčasné otázky pestovania lesa  |b zborník zo VII. česko-slovenského vedeckého sympózia vedecko-pedagogických a vedeckovýskumných pracovísk v odbore Pestovanie lesa : Zvolen, 6.9.-7.9. 2005  |c Milan Saniga, Peter Jaloviar (eds.) 
246 3 1 |a Actual problems of silviculture 
250 |a [1. vyd.] 
260 |a Vo Zvolene  |b Technická univerzita  |c 2005 
300 |a 229 s.  |b grafy, tab.  |c 25 cm 
500 |a Čiast. text čes., angl. 
500 |a Súbež. obsah angl. 
504 |a Bibliogr. odkazy 
506 |a 100 výtl. 
546 |a Res. angl., čes. 
650 0 7 |a lesné hospodárstvo  |2 SNKPH  |9 1256 
650 0 7 |a pestovanie lesa  |2 SNKPH  |9 3952 
650 0 7 |a obnova lesa  |2 SNKPH  |9 100062 
655 7 |a zborníky konferencií  |2 SNKPH  |9 70153 
700 1 |a Saniga, Milan,  |d 1951-  |4 edt  |9 198189 
700 1 |a Jaloviar, Peter,  |d 1970-  |4 edt  |9 203911 
752 |a Slovensko  |d Zvolen 
919 |a 80-228-1489-X 
958 |a OND 
968 |d 63 
999 |c 906603  |d 908533 
952 |a SNK  |b SNK  |y PREZ  |7 0  |p 17A0485429  |o snkSC 121484  |i snk2005/16883  |8 0  |0 0  |1 0  |4 0  |d 2005-10-12  |f 1  |l 0  |r 2025-06-02 00:00:00  |w 2026-02-24 
952 |a SNK  |b SNK  |y VYP  |7 0  |p 17A0485430  |o snkSC 121484 D1  |i snk2005/16884  |8 0  |0 0  |1 0  |4 0  |d 2005-10-12  |l 0  |r 2026-02-24 07:31:32  |w 2026-02-24